[Event "SUI-chT"]
[Site "Switzerland"]
[Date "2019.10.19"]
[Round "8.8"]
[White "Pahud, Cedric"]
[Black "Meier, Anton"]
[Result "1-0"]
[WhiteElo "2188"]
[BlackElo "1964"]
[PlyCount "51"]
[EventDate "2019.03.10"]
[EventType "team-tourn"]
[EventRounds "9"]
[EventCountry "SUI"]
[SourceTitle "CBM 192 Extra"]
[Source "Chessbase"]
[SourceDate "2019.11.06"]
[SourceVersion "1"]
[SourceVersionDate "2019.11.06"]
[SourceQuality "1"]
[WhiteTeam "Echallens"]
[BlackTeam "Solothurn"]
[WhiteTeamCountry "SUI"]
[BlackTeamCountry "SUI"]

1. e4 c5 2. Nf3 d6 3. d4 cxd4 4. Nxd4 Nf6 5. Nc3 a6 6. g3 e5 7. Nde2 b5 8. Bg2 Bb7 9. h3 Be7 10. g4 h6 11. Ng3 g6 12. 0-0 Nbd7 13. f4 Qc7 14. Nd5 Nxd5 15. exd5 exf4 16. Bxf4 Ne5 17. Ne4 Rd8 18. Qd4 g5 19. Bg3 0-0 20. Nf6+ Kg7 21. Qf2 Ng6 22. Rae1 Rc8 23. c3 Qc5 24. Qxc5 dxc5 25. Nh5+ Kg8 26. d6 1-0

[Event "SUI-ch op"]
[Site "Leukerbad"]
[Date "2015.07.12"]
[Round "4"]
[White "Cebalo, Miso"]
[Black "Meier, Anton"]
[Result "1-0"]
[WhiteElo "2406"]
[BlackElo "1891"]
[PlyCount "121"]
[EventDate "2015.07.09"]
[EventType "swiss"]
[EventRounds "9"]
[EventCountry "SUI"]
[SourceTitle "EXT 2019"]
[Source "ChessBase"]
[SourceDate "2018.10.10"]
[SourceVersion "1"]
[SourceVersionDate "2018.10.10"]
[SourceQuality "1"]

1. d4 Nf6 2. Bg5 e6 3. e4 Be7 4. Nd2 Nc6 5. c3 h6 6. Be3 b6 7. Bd3 Bb7 8. f4 Qc8 9. Qf3 d6 10. Ne2 Qd7 11. 0-0 0-0 12. h3 a5 13. g4 Nh7 14. Kh2 e5 15. d5 Na7 16. a4 Nc8 17. Ng3 g6 18. fxe5 Ng5 19. Qe2 dxe5 20. h4 Nh7 21. Bxh6 Bxh4 22. Bxf8 Kxf8 23. Bb5 Qe7 24. Nf3 Bf6 25. Kg2 Nd6 26. Rh1 Kg7 27. Rh2 Rh8 28. Ba6 Bxa6 29. Qxa6 Ng5 30. Rxh8 Kxh8 31. Rh1+ Nh7 32. Qe2 Kg7 33. b3 Ng5 34. Nxg5 Bxg5 35. Qf3 Bh6 36. Qe2 Qg5 37. b4 Qd2 38. Qxd2 Bxd2 39. bxa5 bxa5 40. Rd1 Nc4 41. Nf1 Bf4 42. Rb1 Nd6 43. Kf3 Kf6 44. Rb2 Kg5 45. c4 Nxc4 46. Rc2 Nb6 47. Rxc7 f5 48. gxf5 gxf5 49. Rf7 fxe4+ 50. Kxe4 Kg6 51. Ra7 Nxa4 52. Rxa5 Nc3+ 53. Kd3 Nd1 54. Ra8 Kf7 55. Ra6 Nf2+ 56. Kc4 Ne4 57. Kb5 Nf6 58. Kc6 e4 59. Ra7+ Ke8 60. d6 e3 61. Nxe3 1-0